00628nam a2200169 a 4500008004100000050001600041100002400057245002700081246003400108260004000142300002400182350000900206650001500215995008700230999001700317952012400334120416s1978 ||||||||||||||||| || u aHB 3730 Arm aArmstrong, J. Scott10aLong-range forecasting afrom crystal ball to computer aNew YorkbJohn Wiley and Sonsc1978 axviii, 612p. : Ill. a0.00 aFORCASTING D0.00FCBU-MAIN LIBRARY (Kitwe)H1I0.00M1UAVAILABLEZAnnex Low-Usage Collection  c49502d49502 00102lcc4070a001b001cAnnex Low-Usage Collection d2022-11-30l0oHB 3730 Armp002611r2022-11-30w2022-11-30y002